<?xml version="1.0" encoding="UTF-8"?>
<record
    xmlns:xsi="http://www.w3.org/2001/XMLSchema-instance"
    xsi:schemaLocation="http://www.loc.gov/MARC21/slim http://www.loc.gov/standards/marcxml/schema/MARC21slim.xsd"
    xmlns="http://www.loc.gov/MARC21/slim">

  <leader>00701nam a2200181Ia 4500</leader>
  <controlfield tag="008">090630s9999    xx            000 0 und d</controlfield>
  <datafield tag="082" ind1=" " ind2=" ">
    <subfield code="b">3759</subfield>
  </datafield>
  <datafield tag="100" ind1=" " ind2=" ">
    <subfield code="a">&#x916;&#x93E;&#x921;&#x940;&#x932;&#x915;&#x930; &#x915;&#x943;&#x937;&#x94D;&#x923;&#x93E;&#x91C;&#x940; &#x92A;&#x94D;&#x930;&#x92D;&#x93E;&#x915;&#x930;.</subfield>
  </datafield>
  <datafield tag="245" ind1=" " ind2=" ">
    <subfield code="a">&#x92D;&#x93E;&#x90A; &#x92C;&#x902;&#x927;&#x915;&#x940;.</subfield>
    <subfield code="c">&#x916;&#x93E;&#x921;&#x940;&#x932;&#x915;&#x930; &#x915;&#x943;&#x937;&#x94D;&#x923;&#x93E;&#x91C;&#x940; &#x92A;&#x94D;&#x930;&#x92D;&#x93E;&#x915;&#x930;.</subfield>
  </datafield>
  <datafield tag="260" ind1=" " ind2=" ">
    <subfield code="b">&#x928;&#x935;&#x93E;&#x915;&#x93E;&#x933;.</subfield>
    <subfield code="c">1974</subfield>
  </datafield>
  <datafield tag="300" ind1=" " ind2=" ">
    <subfield code="a">95</subfield>
  </datafield>
  <datafield tag="600" ind1=" " ind2=" ">
    <subfield code="a">&#x916;&#x93E;&#x921;&#x940;&#x932;&#x915;&#x930; &#x915;&#x943;&#x937;&#x94D;&#x923;&#x93E;&#x91C;&#x940; &#x92A;&#x94D;&#x930;&#x92D;&#x93E;&#x915;&#x930;.</subfield>
  </datafield>
  <datafield tag="630" ind1=" " ind2=" ">
    <subfield code="a">&#x92D;&#x93E;&#x90A; &#x92C;&#x902;&#x927;&#x915;&#x940;.</subfield>
  </datafield>
  <datafield tag="655" ind1=" " ind2=" ">
    <subfield code="a">&#x928;&#x93E;&#x91F;&#x915;.</subfield>
  </datafield>
  <datafield tag="700" ind1=" " ind2=" ">
    <subfield code="a">&#x916;&#x93E;&#x921;&#x940;&#x932;&#x915;&#x930; &#x915;&#x943;&#x937;&#x94D;&#x923;&#x93E;&#x91C;&#x940; &#x92A;&#x94D;&#x930;&#x92D;&#x93E;&#x915;&#x930;.</subfield>
  </datafield>
  <datafield tag="730" ind1=" " ind2=" ">
    <subfield code="a">&#x92D;&#x93E;&#x90A; &#x92C;&#x902;&#x927;&#x915;&#x940;.</subfield>
  </datafield>
  <datafield tag="942" ind1=" " ind2=" ">
    <subfield code="c">BOOK</subfield>
  </datafield>
  <datafield tag="999" ind1=" " ind2=" ">
    <subfield code="c">255615</subfield>
    <subfield code="d">255615</subfield>
  </datafield>
  <datafield tag="952" ind1=" " ind2=" ">
    <subfield code="0">0</subfield>
    <subfield code="1">0</subfield>
    <subfield code="4">0</subfield>
    <subfield code="7">0</subfield>
    <subfield code="a">SAWASHRI</subfield>
    <subfield code="b">SAWASHRI</subfield>
    <subfield code="d">2004-02-08</subfield>
    <subfield code="g">5.00</subfield>
    <subfield code="l">0</subfield>
    <subfield code="o">3759</subfield>
    <subfield code="p">SAWASHRI-3759</subfield>
    <subfield code="r">2009-06-30 00:00:00</subfield>
    <subfield code="v">5.00</subfield>
    <subfield code="w">2009-06-30</subfield>
    <subfield code="y">BOOK</subfield>
  </datafield>
</record>
